| Tag |
First Indicator |
Second Indicator |
Subfields |
| LEADER |
00000cam a2200000 4500 |
| 001 |
in00000061528 |
| 005 |
20151007082825.0 |
| 008 |
720301s1959 eng u |
| 010 |
|
|
|a 59009608
|
| 035 |
|
|
|a (OCoLC)00253442
|
| 035 |
|
|
|9 AAF8456AM
|
| 040 |
|
|
|c YNG
|d TXA
|d UtOrBLW
|
| 049 |
|
|
|a TXAM
|c [311096]
|
| 050 |
|
0 |
|a DS849.R7
|b L39
|
| 092 |
|
|
|a 327.520947
|b L573r
|
| 100 |
1 |
|
|a Lensen, George Alexander,
|d 1923-
|
| 245 |
1 |
4 |
|a The Russian push toward Japan ;
|b Russo-Japanese relations, 1697-1875.
|
| 264 |
|
1 |
|a Princeton, N.J. :
|b Princeton University Press,
|c 1959.
|
| 300 |
|
|
|a 553 pages :
|b illustrations
|
| 336 |
|
|
|a text
|b txt
|2 rdacontent
|
| 337 |
|
|
|a unmediated
|b n
|2 rdamedia
|
| 338 |
|
|
|a volume
|b nc
|2 rdacarrier
|
| 651 |
|
0 |
|a Soviet Union
|x Foreign relations
|z Japan.
|
| 651 |
|
0 |
|a Japan
|x Foreign relations
|z Soviet Union.
|
| 651 |
|
0 |
|a Siberia, Eastern (Russia)
|x History.
|
| 999 |
|
|
|a MARS
|
| 999 |
f |
f |
|s 863ef981-b887-316b-9d43-c4bc1e9bb2a5
|i b1a5d6f4-8501-3818-8f85-b491d0fdf717
|t 0
|
| 952 |
f |
f |
|p normal
|a Texas A&M University
|b College Station
|c Sterling C. Evans Library
|d Evans: Library Stacks
|t 0
|e DS849.R7 L39
|h Library of Congress classification
|i unmediated -- volume
|m A14800676507
|
| 998 |
f |
f |
|a DS849.R7 L39
|t 0
|l Evans: Library Stacks
|